000 01489nam1a2200337 i 4500
001 RU\NLR\bibl\375263
005 20260406205302.0
035 _a(NLR Aleph) 001342305
090 _a868520
_c868520
100 _a20030312d20029999u y0rusy50 ca
101 0 _arus
102 _aRU
105 _aa |||||||||
200 1 _aБиблиотеки Урала. XVIII-XX вв.
_e[Сб. ст.]
_fСвердл. обл. универс. науч. б-ка им. В.Г. Белинского
_g[Сост. В.И. Рябухина
_gПод ред. Н.С. Сулимовой]
210 _aЕкатеринбург
_cСвердл. обл. науч. б-ка
_d2002
215 _d21
463 0 _1001372106
463 0 _1001963072
463 0 _10011129935
463 0 _10011240096
606 0 _aБиблиотеки
_xИстория
_yУрал
_z18 - 20 вв.
_92278901
_3RU\NLR\auth\661365464
686 _aЧ733(2Р36)
702 1 _aРябухина
_bВ. И.
_gВалентина Ильинична
_4220
702 1 _aСулимова
_bН. С.
_gНадежда Сергеевна
_4340
712 0 2 _4570
_aСвердловская областная универсальная научная библиотека им. В. Г. Белинского
_cЕкатеринбург
_9428004
_3RU\NLR\AUTH\889965859
801 0 _aRU
_bNLR
_c20030312
_gPSBO
801 1 _aRU
_bNLR
_c20030312
830 _aСост. и ред. по кн.
852 _aNLR
_bБ
942 _cBOOK